| 000 | 00564cam a2200205ua 4500 | ||
|---|---|---|---|
| 001 | 11857 | ||
| 005 | 20260515114816.0 | ||
| 008 | 191113n ii |||gr||||Z||||||eng | ||
| 020 | _a9789382616979 | ||
| 040 | _cMAIN | ||
| 082 | _a954.052 | ||
| 100 |
_aRamachandra Guha . , _eAuthor., |
||
| 245 |
_aIndia after Gandhi : _bthe history of the world`s largest democracy / _cBy Ramachandra Guha . |
||
| 250 | _a10th ed. | ||
| 260 |
_aNew Delhi: _bMacmillan, _c2008. |
||
| 300 | _a919p. | ||
| 653 | _aSouth Asia India | ||
| 653 | _aHistory Of India | ||
| 942 | _cBK | ||
| 999 |
_c10638 _d10638 |
||